000 004440000a22001810004500
003 MACL
005 20150712143216.0
008 150712b xxu||||| |||| 00| 0 eng d
040 _aMACL
_cMACL
041 _aEnglish
082 _a320/SAX
100 _aSaxena, V K
_91910
245 _aMislims and The Indian National Congress
260 _bDiscovery
_c1985
_aDelhi
350 _a175
650 _aPolitical Science
_988
942 _cBK
_k320
_2ddc
999 _c5508
_d5508